| 000 | 00796nam a22001817a 4500 | ||
|---|---|---|---|
| 999 |
_c62368 _d62368 |
||
| 003 | Ge_BSU | ||
| 005 | 20241017102633.0 | ||
| 008 | 241017s1994 ge ||||| |||| 00| 0 geo d | ||
| 041 | _ageo | ||
| 080 | _a616.314-089.23(076.5) ს-34 | ||
| 245 |
_aორთოპედიული სტომატოლოგიის პრაქტიკუმი / _cავთანდილ საყვარელიძე; რედ. მ. ომანიძე. |
||
| 264 |
_aთბ. : _b მედიცინა, _c 1994. |
||
| 300 |
_a224 გვ. ; _b20 სმ. |
||
| 653 | _aორთოპედიული სტომატოლოგია | ||
| 653 | _aმედიცინა | ||
| 700 |
_a ომანიძე, მ. _eრედაქტორი _923413 |
||
| 942 |
_2udc _cᲬᲘᲒᲜᲘ |
||